Kitab-ul-Taharah (Record no. 8572)
[ view plain ]
| 000 -LEADER | |
|---|---|
| fixed length control field | 00223nam a2200097 4500 |
| 082 ## - DEWEY DECIMAL CLASSIFICATION NUMBER | |
| Classification number | 297.261IDA |
| 100 ## - MAIN ENTRY--AUTHOR NAME | |
| Personal name | Idar-e-Ilm-ul-Quran |
| 245 ## - TITLE STATEMENT | |
| Title | Kitab-ul-Taharah |
| 260 ## - PUBLICATION, DISTRIBUTION, ETC. (IMPRINT) | |
| Place of publication | Islamabad: |
| Name of publisher | Shah Fasial Masjid, |
| Year of publication | 1981. |
| 942 ## - ADDED ENTRY ELEMENTS (KOHA) | |
| Koha item type | Books |
| Withdrawn status | Lost status | Home library | Current library | Date acquired | Full call number | Accession Number | Koha item type |
|---|---|---|---|---|---|---|---|
| Central Library, QUEST, Nawabshah | Central Library, QUEST, Nawabshah | 05/08/2014 | 297.261IDA | 22758 | Books |